Mistrzowie ligi polskiej od 2010 roku. - Statystyki

Ogólne statystyki
  • Ten quiz został rozwiązany 297 razy
  • Średni wynik to 10 z 10
Statystyki odpowiedzi
sezon Odpowiedź % Poprawnych
2014/2015 Lech Poznań
100%
2012/2013 Legia Warszawa
100%
2013/2014 Legia Warszawa
100%
2015/2016 Legia Warszawa
100%
2016/2017 Legia Warszawa
100%
2017/2018 Legia Warszawa
100%
2019/2020 lider Legia Warszawa
100%
2018/2019 Piast Gliwice
95%
2010/2011 Wisła Kraków
89%
2011/2012 Śląsk Wrocław
83%
Nie znaleziono quizów pasujących do podanych kryteriów
Rozkład punktacji
Procent ludzi z każdym wynikiem
Percentyl według liczby udzielonych odpowiedzi
Twoja historia wyników
Nie rozwiązałeś tego quizu